Statistics for My easy general knowledge quiz!

Click here to take the quiz!

General Stats

  • This quiz has been taken 504 times
  • The average score is 5 of 9

Answer Stats

QuestionAnswer% Correct
What is the longest river in the world?Nile
91%
How many legs do butterflies have?6
89%
What is the capital city of Denmark?Copenhagen
62%
What is Beyonce's daughter called?Blue Ivy
59%
How old was Michael Jackson when he died?50
58%
What does B stand for in the periodic table?Boron
47%
When was the Berlin Wall built?1961
36%
What in the common name for ascorbic acid?Vitamin C
27%
What was #1 UK girls baby name in 2005?Jessica
10%

Score Distribution

Percentile by Number Answered

Percent of People with Each Score

Your Score History

You have not taken this quiz